| 000 | nam a22 a 4500 | ||
|---|---|---|---|
| 999 |
_c1765 _d1765 |
||
| 003 | AKMAL | ||
| 005 | 20170511153335.0 | ||
| 008 | 170511s1998 my 00 may d | ||
| 020 |
_a9676108758 (kkt.): _cRM 13.00 |
||
| 040 |
_aAKMAL _cAKMAL |
||
| 049 | 0 | 0 | _aklpmal |
| 082 | 0 | 4 | _a338.04 ABD |
| 090 | 0 | 0 |
_a338.04 _bABD |
| 090 | 2 | 0 |
_a338.04 _bABD |
| 100 | 0 |
_aAbdul Razak Omar _93652 |
|
| 245 | 1 | 0 |
_aMenjaring usahawan bumiputera / _cAbdul Razak Omar |
| 260 |
_aKuala Lumpur : _bUtusan Publications & Distributors, _c1998 |
||
| 300 | 0 | 0 |
_aiii, 106ms. : _b; _c22cm |
| 440 | 0 |
_aSiri pengurusan dan perniagaan Utusan _93454 |
|
| 650 | 0 |
_aEntrepreneurship _zMalaysia _93566 |
|
| 650 | 0 |
_aBusiness _xManagement _93653 |
|
| 942 |
_2ddc _cBOOK |
||